000
00213nam a2200085Ia 4500
008
120527s9999 xx 000 0 und d
100
_a
Graretter & Walhan
245
_a
Essentials of statistics for the..
942
_c
BK
999
_c
27519
_d
27519